Statistics for U.S. News Best Business Schools

Click here to take the quiz!

General Stats

  • This quiz has been taken 897 times
  • The average score is 20 of 25

Answer Stats

StateBusiness School NameUniversity% Correct
MA---Harvard
98%
PAWhartonUniversity of Pennsylvania
95%
CAAndersonUniversity of California-Los Angeles
91%
CT---Yale
90%
CA---Stanford
90%
NYSternNew York University
88%
MIRossUniversity of Micigan-Ann Arbor
88%
ILBoothUniversity of Chicago
88%
TXMcCombsUniversity of Texas-Austin
87%
MASloanMassachusetts Institute of Technology
85%
NCFuquaDuke
85%
NCKenan-FlaglerUniversity of North Carolina-Chapel HIill
84%
NY---Columbia
83%
VADardenUniversity of Virginia
83%
CAMarshallUniversity of Southern California
81%
ILKelloggNorthwestern
80%
DCMcDonoughGeorgetown University
79%
CAHaasUniversity of California-Berkeley
78%
INKelleyIndiana University-Bloomington
78%
NHTuckDartmouth
76%
OHFisherOhio State University
75%
NYJohnsonCornell
68%
MOOlinWashington University-St. Louis
66%
GAGoizuetaEmory
54%
PATepperCarnegie Mellon
48%

Score Distribution

Percentile by Number Answered

Percent of People with Each Score

Your Score History

You have not taken this quiz